000 00371nam a22001097a 4500
008 230621b xxu||||| |||| 00| 0 eng d
082 _a328.30
_bCPA 2002
245 _aReport of a CPA Study Group on Parliament and the International Trading System
_bSaint Lucia, February 2002
260 _aUK
_bCommonwealth Parliamentary Association
_c2002
300 _a23p
942 _2ddc
_cBK
999 _c2200
_d2200